000 01085nam0a22002651 4500
001 rc\3268027
005 20250609172241.0
021 _aRU
_bРг4137-71
021 _aRU
_b70-ОЭ-3734/9
035 _a(NLR Aleph) 007390672
090 _a6607263
_c6607263
100 _a20130115d1970 |||y0rusy50 ca
101 0 _arus
102 _aRU
105 _ay z |||||
200 1 _aМетодическое письмо о фотоколориметрическом определении в воздухе гидроперекиси изопропилбензола (гипериза), выделяющейся из пластмасс
_fМ-во здрав. СССР. Всесоюз. науч.-исслед. ин-т гигиены и токсикологии пестицидов, полимерных и пласт. масс
210 _aКиев
_cБ. и.
_d1970
215 _a6 с.
_d20
700 1 _aЦендровская
_bВ.А.
701 1 _aРейсиг
_bИ.С.
801 0 _aRU
_bNLR
_gpsbo
801 1 _aRU
_bELAR
_2rusmarc
852 _aNLR
_j71-4/1579
942 _cBOOK
980 _aNB